Care of the newborn by ten teachers / (رقم التسجيلة. 26552)
[ عرض عادي ]
| 000 -الفاتح | |
|---|---|
| حقل البيانات ثابتة الطول | 01535cam a22003977a 4500 |
| 001 - رقم الضبط | |
| رقم الضبط | 16522925 |
| 003 - محدد رقم الضبط | |
| رقم الضبط | OSt |
| 005 - وقت وتاريخ اخر تعامل مع التسجيلة | |
| رقم الضبط | 20150408114106.0 |
| 008 - عناصر البيانات ثابتة الطول - معلومات عامة | |
| حقل البيانات ثابتة الطول | 101028s2010 enka b 001 0 eng |
| 010 ## - رقم ضبط مكتبة الكونجرس | |
| رقم ضبط مكتبة الكونجرس | 2010537066 |
| 015 ## - رقم الببليوجرافية الوطنية | |
| رقم الببليوجرافية الوطنية | GBA990791 |
| المصدر | bnb |
| 016 7# - رقم ضبط الوكاله الوطنية للضبط الببليوجرافي | |
| رقم ضبط التسجيلة | 101529483 |
| المصدر | DNLM |
| 016 7# - رقم ضبط الوكاله الوطنية للضبط الببليوجرافي | |
| رقم ضبط التسجيلة | 015371076 |
| المصدر | Uk |
| 020 ## - الرقم الدولى المعيارى للكتب | |
| الرقم الدولى المعيارى للكتاب | 9780340968413 (pbk.) |
| 020 ## - الرقم الدولى المعيارى للكتب | |
| الرقم الدولى المعيارى للكتاب | 0340968419 (pbk.) |
| 035 ## - رقم ضبط النظام | |
| رقم ضبط النظام | (OCoLC)ocn437082715 |
| 040 ## - مصدر الفهرسة | |
| وكالة الفهرسة الأصلية | NLM |
| وكالة النسخ | NLM |
| وكالة التعديل | UKM |
| -- | C#P |
| -- | YDXCP |
| -- | BWX |
| -- | BTCTA |
| -- | EUM |
| -- | DLC |
| 042 ## - رمز التحقق | |
| رمز التحقق | nlmcopyc |
| -- | lccopycat |
| 050 00 - رقم طلب مكتبة الكونجرس | |
| رقم التصنيف | RJ251 |
| رقم المادة | .C37 2010 |
| 060 00 - رقم الطلب بالمكتبة الطبية الوطنية | |
| رقم التصنيف | 2010 D-953 |
| 060 10 - رقم الطلب بالمكتبة الطبية الوطنية | |
| رقم التصنيف | WY 157.3 |
| رقم المادة | C2707 2010 |
| 082 04 - رقم تصنيف ديوى العشرى | |
| رقم التصنيف | 618.9201 |
| رقم الطبعة | 22 |
| رقم المادة | CAN |
| 245 00 - بيان العنوان | |
| العنوان | Care of the newborn by ten teachers / |
| بيان المسئوليه,etc | edited by Hilary Lumsden, Debbie Holmes. |
| 260 ## - PUBLICATION, DISTRIBUTION, ETC. (IMPRINT) | |
| مكان الناشر او الموزع | London : |
| اسم الناشر او الموزع | Hodder Arnold, |
| تاريخ النشر أو التوزيع | c2010. |
| 300 ## - الوصف المادى | |
| التعداد | 197 p. : |
| تفاصيل ماديه اخرى للوعاء | ill. (chiefly col.) ; |
| أبعاد الوعاء | 25 cm. |
| 504 ## - تبصرة ببليوجرافية | |
| تبصرة ببليوجرافية,الخ | Includes bibliographical references and index. |
| 520 8# - التبصرة الخاصة بالتعليق أو التلخيص | |
| ملخص,الخ | 'Care of the Newborn by Ten Teachers' presents a detailed account of care of the normal neonate - including the minor health problems that midwives are expected to deal with on a daily basis - providing care and treatment strategies for the neonate and family. |
| 650 #0 - المدخل الاضافى بالموضوع-مصطلح موضوعى | |
| مصطلح موضوعي أو اسم جغرافي كعنصر مدخل | Neonatology. |
| 9 (RLIN) | 18725 |
| 650 #0 - المدخل الاضافى بالموضوع-مصطلح موضوعى | |
| مصطلح موضوعي أو اسم جغرافي كعنصر مدخل | Newborn infants |
| التقسيم الفرعي العام | Care. |
| 9 (RLIN) | 18726 |
| 650 #0 - المدخل الاضافى بالموضوع-مصطلح موضوعى | |
| مصطلح موضوعي أو اسم جغرافي كعنصر مدخل | Newborn infants |
| التقسيم الفرعي العام | Diseases. |
| 9 (RLIN) | 18307 |
| 700 1# - المدخل الاضافى - اسم شخصى | |
| الإسم الشخصى | Lumsden, Hilary, |
| العنوان والكلمات الأخرى المصاحبة للاسم | RN. |
| 9 (RLIN) | 18727 |
| 700 1# - المدخل الاضافى - اسم شخصى | |
| الإسم الشخصى | Holmes, Debbie. |
| 9 (RLIN) | 18728 |
| 906 ## - عنصر بيانات محلى F, LDF (RLIN) | |
| a | 7 |
| b | cbc |
| c | copycat |
| d | 2 |
| e | ncip |
| f | 20 |
| g | y-gencatlg |
| 942 ## - عناصر المدخل الإضافي( كوها) | |
| مصدر التصنيف او مخطط الترفيف | Dewey Decimal Classification |
| Koha [default] item type | DVD |
| حالة الفقد | نموذج السعر الفعال | حالة تلف | ليس للاعارة | رقم الطلب | تاريخ الاكتساب | الموقع الحالي | الباركود | الفرع الرئيسي | Date last seen | نوع المادة فى نظام كوها | مصدر التصنيف او خطة الترفيف | Total Checkouts |
|---|---|---|---|---|---|---|---|---|---|---|---|---|
| 2013-03-10 | 618.9201 CAN | 2012-12-26 | المكتبة المركزية بالمجمعة (CL) | 00400825 | المكتبة المركزية بالمجمعة (CL) | 2013-03-10 | كتاب | Dewey Decimal Classification | ||||
| 2013-03-10 | 618.9201 CAN | 2012-12-26 | المكتبة المركزية بالمجمعة (CL) | 00400824 | المكتبة المركزية بالمجمعة (CL) | 2013-03-10 | كتاب | Dewey Decimal Classification | ||||
| 2013-03-10 | 618.9201 CAN | 2012-12-26 | المكتبة المركزية بالمجمعة (CL) | 00400826 | المكتبة المركزية بالمجمعة (CL) | 2013-03-10 | كتاب | Dewey Decimal Classification |
